000
00194 a2200097 4500
020
_a
9780894807671
041
_a
eng
100
_a
Harvey kidder
245
_a
The kids book of Chess
942
_c
REF
999
_c
30395
_d
30393